000 00761nai a2200205Ia 4500
003 IN-BaIIA
008 211028c9999 xx s 000 0 eng d
022 _a1536-125X (Print)
022 _a1941-0085 (Online)
040 _cIIA Library
245 0 _aIEEE Transactions on Nanotechnology
_h[eJournal]
260 _aNew York, USA
_bThe Institute of Electrical and Electronics Engineers, Inc. (IEEE)
310 _aBimonthly
362 _a1(1); 2002 - Present
521 _bSubscribed through National Knowledge Resource Consortium (NKRC)
650 _a Computing and Processing
_948785
650 _aComponents, Circuits, Devices and Systems
856 _uhttps://ieeexplore.ieee.org/servlet/opac?punumber=7729
_yClick Here to Access eJournal
942 _cEJ
999 _c34707
_d34707